000 00703nam a2200253Ia 4500
003 OSt
005 20220918180428.0
006 a|||||r|||| 00| 0
007 ta
008 220917b |||||||| |||| 00| 0 eng d
024 _a22,310
037 _cTextual
040 _aARTS
_cARTS
_beng
041 _2eng
_aeng
082 _aO111,3N072,4, K5
100 _aMichener James A
_912642
245 0 _aSource
_b Bestselling novel of our time
260 _aNew York
_bFawcett World Library USA
_c1965
300 _a1022p.
_ccm.
490 _aFawcett crest book
650 _aENGLISH LITERATURE
942 _hO111,3N072,4, K5
_cTEXL
_2CC
999 _c161549
_d161549